000 00875nam a2200277Ia 4500
003 OSt
005 20221005092758.0
006 a|||||r|||| 00| 0
007 ta
008 221004b |||||||| |||| 00| 0 eng d
020 _a9780387365353 (hbk)
_c4022.82
024 _a86488
037 _b9951, 22/10/2007, Overseas Press
_cTextual
040 _aCRL
_cCRL
_beng
041 _2eng
_aeng
082 _aZ,94:(S), P7
100 _aYoung Gerald
_9617760
245 0 _aCousality of psychological injury
_b presenting evidence in court
260 _aNew York
_bSpringer USA
_c2007
300 _axi,646p.
_ccm.
650 _aLAW
700 _a Kane Andrew W.
_9617761
700 _a Nicholson Keith
_9617762
942 _hZ,94:(S), P7
_cTEXL
_2cc
999 _c999355
_d999355